A Z generáció utazási szokásai Hogyan befolyásolja az utazási döntéseiket a közösségi média?

Bibliográfiai részletek
Szerző: Gulyás Alexandra
További közreműködők: Formádi Dr. Katalin Klaudia
Dokumentumtípus: Diplomadolgozat
Kulcsszavak:közösségi média
utazás
utazási szokások
vásárlói magatartás
Z generáció
Online Access:http://dolgozattar.uni-bge.hu/60028

MARC

LEADER 00000nta a2200000 i 4500
001 dolg60028
005 20260409145907.0
008 260409suuuu hu om 000 hun d
040 |a BGE Dolgozattár Repozitórium  |b hun 
041 |a hu 
100 1 |a Gulyás Alexandra 
245 1 2 |a A Z generáció utazási szokásai  |b Hogyan befolyásolja az utazási döntéseiket a közösségi média?  |c Gulyás Alexandra  |h [elektronikus dokumentum] 
520 3 |a A dolgozat fő témája a Z generáció utazási szokásainak vizsgálata és a közösségi média befolyása arra. A Z generáció mindennapjaiban jelentős szerepe van a közösségi médiának, ez hatással van az utazási szokásaikra is. Tanulmányomban három kutatási kérdést fogalmaztam meg melyek közösségi média szerepére keresnek választ a vásárlói döntéshozatal egyes fázisaiban.A dolgozat első felében a fogyasztói magatartás és a vásárlói döntéshozatali modellek elméletét ismertetem, majd a Z generációt ezt követően a digitalizációt és a közösségi média kialakulását. Ezután kitérek a közösségi média pozitív és negatív hatásaira ezt követően a Z generáció utazási szokásait. A dolgozat zárása képpen pedig a közösségi média hatását a Z generáció vásárlási döntéseire. 
695 |a közösségi média 
695 |a utazás 
695 |a utazási szokások 
695 |a vásárlói magatartás 
695 |a Z generáció 
700 1 |a Formádi Dr. Katalin Klaudia  |e ths 
856 4 0 |u http://dolgozattar.uni-bge.hu/60028/1/Guly%C3%A1sAlexandra_YUWOK4_szakdolgozat.pdf  |z Dokumentum-elérés 
856 4 0 |u http://dolgozattar.uni-bge.hu/60028/2/B%C3%ADr%C3%A1lati%20lap_BSc_Guly%C3%A1s%20A.pdf  |z Dokumentum-elérés 
856 4 0 |u http://dolgozattar.uni-bge.hu/60028/3/Gulyas_Alexandra_opponensi_biralat_Kovacs_Edina.pdf  |z Dokumentum-elérés